000 00489 a2200181 4500
001 066765
003 OSt
005 20211007120334.0
008
082 _a519.535
_bA23I
100 1 _aAnderson, T.W.
245 1 _aAn introduction to multivariate statistical analysis
_cby T.W. Anderson
250 _a3rd ed.
260 _aIndia
_bJohn Wiley
_c2010
300 _a721p.
690 _aMultivariate analysis; Mathematical statistics
942 _2ddc
_cBK
999 _c771
_d771